Minecraft: Biome Quiz - Statistics

General Stats
  • This quiz has been taken 26 times
  • The average score is 18 of 34
Answer Stats
Hint Biome % Correct
Flat, Boring, and Just Grass. Plains
100%
Hot, Sandy, and Cacti Desert
84%
Acacia Wood and ARMADILLO! Savanna
74%
Thick, Dense, Dark, and Mansion. Dark Oak Forest
68%
Massive Trees, Parrots, and Pandas. Jungle
68%
MUSHROOMS!!! Mushroom Island
68%
Green, ugly, and Witch. Swamp
68%
Spruce, Berries, Wolves. Taiga
68%
Near Water and Very Sandy Beach
63%
Some People Say it's Ugly Some don't. Birch Forest
63%
Biiiiiiiiiig Body of Water Ocean
63%
Loooooong Body of Water River
63%
Flat, Interesting and Spikes. Ice Spikes
58%
(There's like 20 mountain types you will not get correct, so just put Mountain in the bar.) Mountain
58%
TERRACOTTA! Badlands
53%
Spikes, but Underground. Dripstone Cave
53%
LOTS OF FLOWERS!!! Flower Forest
53%
The Plainest Forest of Them All. Oak Forest
53%
Spruce, but Snow. Snowy Taiga
53%
Tall Stalks, Pandas, and Can be Crafted Into Wood. Bamboo Forest
47%
Pink Wood. Cherry Grove
47%
Sculk, Creepy, and Dark Deep Dark
47%
Beautiful Green Cave. Lush Cave
47%
Sand, but Soul. Soul Sand Valley
47%
The End Dragon's Island. (Also the name of the Dimension.) The End
47%
Red Wood, but Purple in the Middle. Crimson Forest
42%
Bland Boring Nether Biome Nether Wastes
42%
White Wood and Creepy. Pale Garden
42%
Blue Wood. Warped Forest
42%
Tall Grey Stone With Lots of Lava Basalt Delta
37%
Redwood, Kinda Ugly, and Green. Mangrove Swamp
37%
CORAL!!! Coral Reef
26%
Flat, Boring, but Snow. Snowy Tundra
21%
Other Islands Where you can Find End Cities. Outer Islands
11%
No matching quizzes found
Score Distribution
Percent of People with Each Score
Percentile by Number Answered
Your Score History
You have not taken this quiz